World Scrambled - Statistics

General Stats
  • This quiz has been taken 53 times
  • The average score is 9 of 15
Answer Stats
Hint Answer % Correct
Pains Spain
98%
Dark Men Denmark
91%
Moon Race Cameroon
89%
Regalia Algeria
75%
Neon Lab Lebanon
73%
Mango Oil Mongolia
70%
Laced In Iceland
68%
Rent Again Argentina
64%
Bag Handles Bangladesh
59%
Safari Bunko Burkina Faso
59%
Mistaken Turn Turkmenistan
59%
A Chaos Fruit South Africa
34%
Earlier Ones Sierra Leone
30%
Prison Age Singapore
30%
Salad Lover El Salvador
27%
No matching quizzes found
Score Distribution
Percent of People with Each Score
Percentile by Number Answered
Your Score History
You have not taken this quiz